Roller Coasters in Ohio - Statistics

General Stats
  • This quiz has been taken 39 times
    31 since last reset
  • The average score is 22 of 41
Answer Stats
Hint Park Roller Coaster % Correct
14 Kings Island Beast
88%
14 Kings Island Diamondback
88%
14 Kings Island Orion
88%
14 Kings Island Banshee
84%
16 Cedar Point Maverick
84%
16 Cedar Point Millennium Force
84%
16 Cedar Point Steel Vengeance
84%
16 Cedar Point Blue Streak
76%
16 Cedar Point Corkscrew
76%
14 Kings Island Flight of Fear
76%
16 Cedar Point Gemini
76%
16 Cedar Point Raptor
76%
16 Cedar Point GateKeeper
72%
16 Cedar Point Magnum XL-200
72%
16 Cedar Point Valravn
72%
14 Kings Island Bat
68%
16 Cedar Point Iron Dragon
68%
16 Cedar Point Rougarou
68%
16 Cedar Point Wild Mouse
68%
14 Kings Island Mystic Timbers
64%
16 Cedar Point Woodstock Express
64%
14 Kings Island Woodstock Express
64%
16 Cedar Point Cedar Creek Mine Ride
60%
14 Kings Island Racer
60%
16 Cedar Point Wilderness Run
60%
14 Kings Island Invertigo
56%
14 Kings Island Adventure Express
52%
14 Kings Island Backlot Stunt Coaster
44%
14 Kings Island Great Pumpkin Coaster
40%
14 Kings Island Flying Ace Aerial Chase
36%
1 Memphis Kiddie Park Little Dipper
16%
1 Sluggers & Putters Little Dipper
16%
1 Tuscora Park Little Dipper
16%
2 Stricker's Grove Teddy Bear
16%
2 Stricker's Grove Tornado
16%
1 Howard's Apples Farm Market Roller Coaster
12%
2 Columbus Zoo and Aquarium Sea Dragon
12%
1 Scene 75 Entertainment Center - Dayton Tsunami
12%
2 Columbus Zoo and Aquarium Tidal Twist
8%
1 Scene 75 Entertainment Center - Columbus Nuclear Rush
4%
1 Funtimes Fun Park Serial Serpent
4%
No matching quizzes found
Score Distribution
Percent of People with Each Score
Percentile by Number Answered
Your Score History
You have not taken this quiz since the last reset